Top 10 Lyon Starting XI - Statistics

General Stats
  • This quiz has been taken 1,580 times
  • The average score is 36 of 65
Answer Stats
Team Player % Correct
2014-15, 2017-18, 2020-21 Anthony Lopes
92%
2017-18, 2020-21 Memphis Depay
90%
2001-02, 2003-04, 2004-05, 2005-06, 2006-07, 2007-08 Juninho
89%
2007-08 Karim Benzema
83%
2001-02, 2003-04, 2004-05, 2005-06, 2006-07, 2007-08 Grégory Coupet
82%
2014-15 Alexandre Lacazette
81%
2017-18 Mariano Diaz
81%
2020-21 Jason Denayer
80%
2009-10 Hugo Lloris
79%
2020-21 Karl Toko Ekambi
79%
2009-10 Lisandro López
77%
2009-10 Miralem Pjanić
77%
2003-04, 2004-05 Michael Essien
76%
2004-05, 2005-06, 2006-07, 2009-10 Cris
75%
2017-18, 2020-21 Marcelo
75%
2017-18, 2020-21 Houssem Aouar
73%
2014-15, 2017-18 Nabil Fekir
73%
2007-08, 2009-10 Kim Källström
72%
2020-21 Lucas Paquetá
72%
2001-02, 2004-05, 2005-06, 2006-07, 2007-08, 2009-10 Sidney Govou
71%
2005-06, 2006-07 Tiago
71%
2003-04, 2004-05, 2005-06, 2006-07, 2007-08, 2009-10 Anthony Réveillère
67%
2014-15 Corentin Tolisso
67%
2020-21 Leo Dubois
67%
2020-21 Tino Kadewere
67%
2020-21 Maxwel Cornet
66%
2004-05, 2005-06, 2006-07 Florent Malouda
61%
2014-15 Maxime Gonalons
61%
2001-02 Sonny Anderson
61%
2017-18 Jérémy Morel
60%
2017-18 Rafael
59%
2020-21 Thiago Mendes
59%
2009-10 Michel Bastos
57%
2004-05, 2005-06 Mahamadou Diarra
55%
2014-15 Bakary Koné
54%
2014-15 Christophe Jallet
54%
2004-05, 2005-06 Cláudio Caçapa
54%
2017-18 Ferland Mendy
54%
2006-07 Fred
54%
2004-05, 2005-06, 2006-07 Éric Abidal
53%
2014-15 Samuel Umtiti
53%
2007-08 Fabio Grosso
51%
2014-15 Henri Bedimo
51%
2006-07, 2007-08, 2009-10 Jérémy Toulalan
51%
2004-05, 2005-06 Sylvain Wiltord
51%
2017-18 Tanguy Ndombele
51%
2017-18 Lucas Tousart
50%
2014-15 Clinton N'Jie
46%
2014-15 Jordan Ferri
46%
2007-08 Hatem Ben Arfa
44%
2009-10 Jean-Alain Boumsong
36%
2001-02, 2003-04 Patrick Müller
34%
2009-10 Aly Cissokho
32%
2001-02, 2003-04 Edmílson
30%
2006-07, 2007-08 Sébastien Squillaci
28%
2003-04 Giovane Élber
25%
2001-02 Éric Carrière
24%
2007-08 Mathieu Bodmer
21%
2001-02 Éric Deflandre
18%
2003-04 Péguy Luyindula
17%
2001-02 Philippe Violeau
15%
2001-02 Jérémie Bréchet
14%
2003-04 Jérémy Berthod
14%
2003-04 Vikash Dhorasoo
13%
2001-02 David Linarès
8%
No matching quizzes found
Score Distribution
Percent of People with Each Score
Percentile by Number Answered
Your Score History
You have not taken this quiz